Lucy's adventure : (Record no. 2509)

MARC details
000 -LEADER
fixed length control field 01357cam a22003133a 4500
005 - DATE AND TIME OF LATEST TRANSACTION
control field 20231213141534.0
020 ## - INTERNATIONAL STANDARD BOOK NUMBER
International Standard Book Number 0060852348 (trade bdg.)
020 ## - INTERNATIONAL STANDARD BOOK NUMBER
International Standard Book Number 006085233X (pbk.)
020 ## - INTERNATIONAL STANDARD BOOK NUMBER
International Standard Book Number 9780060852344
020 ## - INTERNATIONAL STANDARD BOOK NUMBER
International Standard Book Number 9780060852337
040 ## - CATALOGING SOURCE
Original cataloging agency OCO
Transcribing agency OCO
Modifying agency OCO
-- BAKER
-- DLC
Language of cataloging eng
050 00 - LIBRARY OF CONGRESS CALL NUMBER
Classification number MLCS 2006/43321
082 ## - DEWEY DECIMAL CLASSIFICATION NUMBER
Classification number 823.92
100 1# - MAIN ENTRY--PERSONAL NAME
Personal name Lewis, C. S.
245 10 - TITLE STATEMENT
Title Lucy's adventure :
Remainder of title the search for Aslan, the great lion /
260 ## - PUBLICATION, DISTRIBUTION, ETC.
Place of publication, distribution, etc. London :
Name of publisher, distributor, etc. HarperCollins,
Date of publication, distribution, etc. 2005
300 ## - PHYSICAL DESCRIPTION
Extent 63 pages :
Other physical details illustrations ; map ;
Dimensions 21 cm
490 ## - SERIES STATEMENT
Series statement Chronicles of Narnia
505 ## - FORMATTED CONTENTS NOTE
Formatted contents note Z
520 ## - SUMMARY, ETC.
Summary, etc. At first Lucy Pevensie is terribly sad when she is sent with her sister and brothers far away to the countryside to escape the dangers of wartime London. But when they arrive, something wonderful happens: A game of hide-and-seek turns into the adventure of a lifetime! In the magical land of Narnia, Lucy and her brothers and sister meet Aslan, the Great Lion, who calls them to fulfill their destiny -- free Narnia from the evil White Witch!
521 ## - TARGET AUDIENCE NOTE
Target audience note 900
Source Lexile estimate
521 ## - TARGET AUDIENCE NOTE
Target audience note Z
Source Raz-Plus
650 #0 - SUBJECT ADDED ENTRY--TOPICAL TERM
Topical term or geographic name entry element Narnia (Imaginary place)
Form subdivision Juvenile fiction.
650 #0 - SUBJECT ADDED ENTRY--TOPICAL TERM
Topical term or geographic name entry element Fantasy fiction, English.
650 #0 - SUBJECT ADDED ENTRY--TOPICAL TERM
Topical term or geographic name entry element Children's stories, English.
906 ## - LOCAL DATA ELEMENT F, LDF (RLIN)
a 7
b cbc
c copycat
d 2
e ncip
f 20
g y-gencatlg
942 ## - ADDED ENTRY ELEMENTS (KOHA)
Source of classification or shelving scheme Dewey Decimal Classification
Koha item type Books
Suppress in OPAC No
999 ## -
-- 2509
-- 2509
Holdings
Withdrawn status Lost status Source of classification or shelving scheme Damaged status Not for loan Collection Home library Current library Shelving location Date acquired Total Checkouts Full call number Barcode Date last seen Price effective from Koha item type
    Dewey Decimal Classification     Juvenile Fiction Footprints International School Library Network Toul Kork Campus Footprints International School Library Network Toul Kork Campus TTP Secondary Fiction Bookshelves 12/13/2023   LEW 823.92 MLCS 2006/43321 FIS00533 12/13/2023 12/13/2023 Books